000 00364cam a22001217a 4500
008 180718b1977 xxu||||| |||| 00| 0 eng d
082 _aA81x54 In2/71/27
100 _aCensus of India 1971
245 _aDelhi: a portrait of population
260 _aDelhi
_bThe Controller of Publications
_c1977
300 _a61+p.
440 _aCensus of India 1971. Series-27, Delhi
999 _c485589
_d485589